Score 0/48 Timer 05:00
0 Plays Today
Hint 4-Letter Word % Correct
'Just Do It' shoe companyNIKE
92%
Capital of ItalyROME
91.1%
Large freshwater bodyLAKE
90.4%
Yellow part of eggYOLK
90.3%
Microsoft search engineBING
90.1%
♫ New ___ City, 1976 ♫ YORK
90%
Actor's part in a playROLE
89.7%
Traveled by horsebackRODE
89.1%
Not dead or inanimateLIVE
87.9%
Letters delivered by postMAIL
87.5%
Public opinion surveyPOLL
86.7%
11th US presidentPOLK
86.3%
Little bucketPAIL
86%
CrippledLAME
86%
Cook in microwave, perhapsNUKE
85.8%
Fork prongTINE
85.1%
♫ ___ a Gong, 1971 ♫BANG
83.6%
♫ Left Hand ___, 1973 ♫LUKE
83.2%
Broad smileGRIN
83.1%
♫ Hot ___, 1971 ♫LOVE
82.9%
Funeral clothPALL
82.6%
Light-giving deviceLAMP
81.6%
♫ ____ a White Swan, 1970 ♫RIDE
81.1%
♫ There Was a ___, 1971 ♫TIME
80.8%
Hint 4-Letter Word % Correct
Bush senior advisor KarlROVE
79.1%
♫ ___ Is Strange, 1973 ♫LIFE
76.9%
What makes sandpaper workGRIT
76%
Coleridge's 'Ancient Mariner' poemRIME
74%
Increase in amount GAIN
73.6%
♫ ___ Man, 1972 ♫ MAIN
72.9%
Nickel-iron alloyNiFe
72%
Guitar neck dividerFRET
70.9%
Play roughly and energeticallyROMP
70.8%
♫ ___ to Boogie, 1973 ♫BORN
69.5%
♫ Raw ___, 1971 ♫RAMP
68%
Swedish chef utteranceBORK!
67.1%
Tree trunkBOLE
65%
Confident and courageousBOLD
64.9%
Ceramic material in glazingFRIT
62.9%
Benefit, blessingBOON
61%
Eagles' musician GlennFREY
60.8%
Displaying moral virtueGOOD
59.9%
Thug, bullyGOON
59.5%
♫ Solid ___ Easy Action, 1972 ♫GOLD
58.8%
Slang for a three-point shotTREY
50.7%
♫ ___ of the Rumbling Spires, 1969 ♫KING
33.9%
Archaic word for 'cattle' (Gen. 32:15)KINE
33.7%
♫ THE BAND ♫ T. REX
23.2%

Today's Daily Dose

Word Ladder
Silence

Get the Picture
Philly Team Facts

You're not logged in!

Compare scores with friends on all Sporcle quizzes.
OR
Log In

Sporcle TV

Today on Sporcle TV


Watch our educational content, quiz creation guides, and fun videos on Sporcle TV.

Show Comments

Extras

Top Quizzes Today


Score Distribution

Your Account Isn't Verified!

In order to create a playlist on Sporcle, you need to verify the email address you used during registration. Go to your Sporcle Settings to finish the process.

Report this User

Report this user for behavior that violates our Community Guidelines.

Details: